000 00613nam a22001817a 4500
003 UA-OsUOA
001 7580
007 ta
008 20040622b un ||||| |||| 00| 0 ukr d
100 _aНазарук М.
942 _cSA
040 _aUA-OsUOA
_cUA-OsUOA
_dUA-OsUOA
245 _aДосвід залучення містами та регіонами Росії фінансових ресурсів за допомогою облігаційних позик
300 _aС.80-86
955 _a0
773 0 _w0
_tЕкономіка України
_dКиїв
_d2004
_g№6
650 7 _aОблігації
_2UDC
999 _c293741
_d293741